| 000 | 004780000a22001810004500 | ||
|---|---|---|---|
| 003 | MACL | ||
| 005 | 20151219142007.0 | ||
| 008 | 151219b xxu||||| |||| 00| 0 eng d | ||
| 040 |
_aMACL _cMACL |
||
| 041 | _aEnglish | ||
| 082 | _a530.03/ENC | ||
| 100 |
_aEncyclopaedia Britannica Pvt Ltd _921423 |
||
| 245 | _a100 Years With Nobel Laureates | ||
| 260 |
_bEncyclopaedia Britannica Pvt Ltd _c2001 |
||
| 350 | _a1495 | ||
| 650 |
_aPhysics _921424 |
||
| 942 |
_cBK _k530.03/ENC _2ddc |
||
| 999 |
_c40290 _d40290 |
||